15 Seconds: Each Number 1-15 Random - Statistics

General Stats
  • This quiz has been taken 33 times
  • The average score is 14 of 15
Answer Stats
Number Answer % Correct
14 14
100%
3 3
100%
7 7
100%
10 10
96%
13 13
96%
2 2
96%
5 5
96%
8 8
96%
9 9
96%
1 1
92%
15 15
92%
11 11
88%
4 4
85%
6 6
81%
12 12
73%
No matching quizzes found
Score Distribution
Percent of People with Each Score
Percentile by Number Answered
Your Score History
You have not taken this quiz